000 01535nam a22003137a 4500
003 PE SENCICO BE
005 20251020182647.0
008 231115b |||||||| |||| 00| 0 eng d
040 _aPE SENCICO BE
_cPE SENCICO BE
041 _aspa
084 _aI
_aDIS
_a2017
_bM36
100 1 _91798
_aMedrano Alvarez, Briggith Nicole
_eautor
245 1 _aDiseño y aplicaciones de nuevas tendencias en áreas de jardines y terrazas /
_cBriggith Nicole Medrano Alvarez
246 _aDesarrollo de proyectos de terraza y jardín para espacio exterior de una vivienda
260 _aLima :
_c2017
300 _a2 v. :
_bil. col. ;
_c30 cm.
500 _aTexto en dos volúmenes. El volumen 2 contiene planos (30 x 40 cm.).
502 _aMonografía de Titulación.-- Servicio Nacional de Capacitación para la Industria de la Construcción. Escuela Superior Técnica. Carrera Profesional Técnica en Diseño de Interiores, 2017
505 0 _av. 1: Diseño y aplicaciones de nuevas tendencias en áreas de jardines y terrazas -- v. 2: Desarrollo de proyectos de terraza y jardín para espacio exterior de una vivienda
650 1 0 _91412
_aJardinería paisajística
650 2 0 _aArquitectura paisajista
_91409
650 2 0 _9750
_aTerrazas (Arquitectura doméstica)
650 2 0 _9773
_aJardinería
650 2 0 _944
_aDiseño de interiores
650 2 0 _9615
_aPlanos
710 1 _aServicio Nacional de Capacitación para la Industria de la Construcción.
_bEscuela Superior Técnica
_91065
910 _bhfp
_chfp
942 _cMON
_2ddc
999 _c4450
_d4450